| 000 | 00551nam a22001697a 4500 | ||
|---|---|---|---|
| 003 | SGT | ||
| 020 | _a9789327235975 | ||
| 082 | _a658.15,GUP | ||
| 100 | _aGUPTA,SHAHI K | ||
| 245 | _aFINANCIAL MANAGEMENT: THEORY AND PRACTICE | ||
| 250 | _a8TH | ||
| 260 |
_aNEW DELHI _bKALYANI PUBLISHERS _c2014 |
||
| 300 | _aV.P | ||
| 650 | _aFINANCIAL MANAGEMENT | ||
| 653 | _aINTRODUCTION TO FINANCE, FINANCIAL AND COST ANALYSIS,FINANCIAL PLANNING AND DECISION, FUNDS MANAGEMENTS,LONG TERM INVESTMENT DECISION, SELECTED PROBLEMS OF FINANCE | ||
| 942 |
_2ddc _cFCM _06 |
||
| 999 |
_c9087 _d9087 |
||